Ramones Songs-Sudden Death - Statistics

General Stats
  • This quiz has been taken 34 times
  • The average score is 6 of 17
Answers on the Grid
Answers color-coded by a green-red scale on the quiz's grid according to % correct below.
Learn to Listen
Searching for Something
German Kid
Come On Now
Endless Vacation
I Got You, Babe
Baby, I Love You
I Am Seeing UFOs
Baby Doll
Rock 'N' Roll Highschool
Rock 'n Roll Is the Answer
I'm Not An Answer
Emergency
I Couldn't Sleep
Bumming Along
When I Was Young
Commotion in the Ocean
Surf City
Surfin' Safari
Surfin' Bird
I'm Seeing Strawberry's Again
Howling At the Moon (Sha-La-La)
Stone Woman
Often Shadows Felt
I'm Affected
Mr. Kalashnikov
Entitled
Mental Hell
Zero Zero UFO
Happy Birthday, Mr. Burns
R.A.M.O.N.E.S.
Funky Man
 
Answer Stats
Answer % Correct
Rock 'N' Roll Highschool
80%
R.A.M.O.N.E.S.
70%
Baby, I Love You
60%
Surfin' Bird
60%
Howling At the Moon (Sha-La-La)
50%
Happy Birthday, Mr. Burns
45%
Endless Vacation
35%
I'm Affected
35%
Learn to Listen
30%
Mental Hell
30%
Come On Now
25%
Surfin' Safari
25%
Zero Zero UFO
25%
Surf City
15%
When I Was Young
15%
I'm Not An Answer
10%
Bumming Along
5%
No matching quizzes found
Score Distribution
Percent of People with Each Score
Percentile by Number Answered
Your Score History
You have not taken this quiz